[Event "Moscow op 02nd"]
[Site "Moscow"]
[Date "2006.01.29"]
[Round "1"]
[White "Simonian, Hrair"]
[Black "Ivanov, Victor L"]
[Result "0-1"]
[WhiteElo "2280"]
[BlackElo "2494"]
[PlyCount "72"]
[EventDate "2006.01.29"]
[EventType "swiss"]
[EventRounds "9"]
[EventCountry "RUS"]
[SourceTitle "CBM 110 Extra"]
[Source "ChessBase"]
[SourceDate "2006.03.10"]
[SourceVersion "2"]
[SourceVersionDate "2006.03.10"]
[SourceQuality "1"]

1. e4 c5 2. Nc3 e6 3. Nf3 a6 4. d4 cxd4 5. Nxd4 b5 6. Bd3 Qb6 7. Be3 Bc5 8. Be2 Nc6 9. Nxc6 dxc6 10. 0-0 Bxe3 11. fxe3 Qxe3+ 12. Kh1 Qc5 13. e5 Qxe5 14. Re1 Nf6 15. Bxb5 Qc7 16. Bd3 0-0 17. Qf3 Rb8 18. b3 c5 19. Ne4 Nxe4 20. Qxe4 g6 21. Qe5 Qb6 22. h4 Rd8 23. Qf6 Rd5 24. Rf1 Rd7 25. Rae1 Bb7 26. h5 Qd8 27. Rxe6 fxe6 28. Qxe6+ Kg7 29. Qe5+ Kh6 30. Rf6 Rd4 31. hxg6 Rh4+ 32. Kg1 Qd4+ 33. Qxd4 Rxd4 34. gxh7+ Kg7 35. Rb6 Rb4 36. Rd6 Rg4 0-1

[Event "Landesliga Nord 0405"]
[Site "Bayern"]
[Date "2005.03.13"]
[Round "8.1"]
[White "Ivanov, Victor L"]
[Black "Loos, Roland"]
[Result "0-1"]
[WhiteElo "2478"]
[BlackElo "2246"]
[PlyCount "140"]
[EventDate "2004.10.24"]
[EventType "team-tourn"]
[EventRounds "9"]
[EventCountry "GER"]
[SourceTitle "EXT 2008"]
[Source "ChessBase"]
[SourceDate "2007.11.25"]
[SourceVersion "1"]
[SourceVersionDate "2007.11.25"]
[SourceQuality "1"]
[WhiteTeam "Koenigshofen"]
[BlackTeam "Neutraubling"]
[WhiteTeamCountry "GER"]
[BlackTeamCountry "GER"]

1. e4 e6 2. d4 d5 3. Nd2 Nf6 4. e5 Nfd7 5. c3 c5 6. Bd3 Nc6 7. Ne2 cxd4 8. cxd4 f6 9. exf6 Qxf6 10. Nf3 Bd6 11. Bb1 h6 12. Qd3 Nf8 13. 0-0 Bd7 14. Be3 g5 15. Rc1 Rg8 16. a3 Ng6 17. b4 Kf8 18. Nd2 Kg7 19. Nb3 b6 20. b5 Nce7 21. a4 Nf5 22. a5 Kh8 23. axb6 axb6 24. Ra6 Rab8 25. Bd2 Rg7 26. Ng3 Bxg3 27. fxg3 Nd6 28. Rf1 Qd8 29. Qe2 Bxb5 30. Bd3 Bxa6 31. Bxa6 Ne4 32. Be3 b5 33. Bxb5 Nc3 34. Qh5 Nxb5 35. Qxh6+ Kg8 36. Bxg5 Qe8 37. Bf6 Rh7 38. Qg5 Nd6 39. Nc5 Ne4 40. Nxe4 dxe4 41. h4 Rb5 42. Qg4 Rf5 43. Rxf5 exf5 44. Qxf5 e3 45. Kf1 e2+ 46. Ke1 Ra7 47. Qd5+ Qf7 48. Qxf7+ Kxf7 49. Bg5 Ra2 50. Bd2 Ne7 51. g4 Ra4 52. Be3 Nd5 53. Kxe2 Ra2+ 54. Bd2 Nf6 55. Kd3 Nxg4 56. Bg5 Rxg2 57. Ke4 Nf6+ 58. Ke5 Re2+ 59. Kf5 Re6 60. Bf4 Ra6 61. Be5 Ra5 62. Kg5 Ra1 63. Kf5 Rf1+ 64. Kg5 Rf2 65. h5 Rg2+ 66. Kf5 Nxh5 67. d5 Nf6 68. d6 Rf2+ 69. Kg5 Ne4+ 70. Kg4 Ke6 0-1